000 00379nam a2200157 a 4500
008 031202s1972||||xx 0 und c
040 _aSNK
_bslo
_cSNK
_eAACR2
100 1 _aKrupská, N. K.
245 1 0 _aSpomienky na Lenina
250 _a1. vyd.
260 _aBratislava
_bNakladateľstvo Pravda
_c1972
300 _a532 s.
041 _aslo
020 _c31
044 _axo
_cSK
999 _c15531
_d15531